Oceanía

保存先:
書誌詳細
第一著者: Guiart, Jean (著者)
フォーマット: 図書
言語:スペイン語
出版事項: Madrid Aguilar 1963
シリーズ:El Universo de las formas
主題:
タグ: タグ追加
タグなし, このレコードへの初めてのタグを付けませんか!

MARC

LEADER 00000nam a2200000 a 4500
001 UCY1117
003 CL-VaPUC
008 940820e19630000SP |||||||||||||||||spa|d
082 0 4 |a 709.95  |b GUI  |2 21 
100 |a Guiart, Jean  |e author  |9 444383 
245 1 0 |a Oceanía 
300 |a 461 p 
942 |c BK 
945 |d 19940820 00:00:00  |a oaravena 
260 |a Madrid  |b Aguilar  |c 1963 
650 0 |a Arte primitivo   |9 267985 
650 0 |a Artesanías   |9 266634 
651 7 |a OCEANIA  |2 CL-VaPUC  |9 317234 
583 |a last modification  |c 20150714 05:25:44  |k Rodrigo Vera 
490 0 |a El Universo de las formas 
999 |c 229912  |d 229910 
952 |0 0  |1 0  |4 0  |6 709_950000000000000_GUI_1963  |7 0  |8 F  |9 231637  |a BIBARQ  |b BIBARQ  |d 2019-11-15  |i 2951614  |o 709.95 GUI 1963  |p 2951614  |r 2025-01-20  |w 2019-11-15  |y BK_F  |k ARQ 
952 |0 0  |1 0  |4 0  |6 709_950000000000000_GUI_1963  |7 0  |8 X  |9 231638  |a BIBHIS  |b BIBHIS  |d 2019-11-15  |i 2951622  |o 709.95 GUI 1963  |p 2951622  |r 2024-01-30  |w 2019-11-15  |y BK_X  |k HIS 
952 |0 0  |1 0  |4 0  |6 709_950000000000000_GUI_1963  |7 0  |8 F  |9 231639  |a BIBART  |b BIBART  |d 2019-11-15  |i 3737187  |o 709.95 GUI 1963  |p 3737187  |r 2025-03-13  |w 2019-11-15  |y BK_F  |k ART 
952 |0 0  |1 0  |4 0  |6 709_950000000000000_GUI_1963  |7 0  |8 X  |9 231640  |a BIBHIS  |b BIBHIS  |d 2019-11-15  |i 4163257  |o 709.95 GUI 1963  |p 4163257  |r 2024-01-30  |w 2019-11-15  |y BK_X  |k HIS